Responses for Show #1007 - Tuesday, January 10, 1989

Contestants

[<< previous game]

Liz Silver, an advertising executive from San Jose, California

Charlie Brown, an attorney from Utica, New York

Dianne Bubb, a personal assistant originally from London, England (whose 2-day cash winnings total $20,800)

[next game >>]

Jeopardy! Round responses

1984
KID STUFF
AUTOMOBILES
WINE
WOMEN
SONG
    $100 12
Stalin

Charlie
    $100 7
ring

Liz
    $100 14
umbrella

Dianne
    $100 23
the skin

Liz
    $100 5
(Liz: What is commander?)

captain

CharlieLiz
    $100 1
Jimmy Durante

Dianne
    $200 13
Jeopardy!

Dianne
    $200 8
Siamese cat

Dianne
    $200 15
Volkswagen (VW)

Charlie
    $200 24
Italy

Charlie
    $200 6
(Liz: Who is Rick Nelson?)

Prince

DianneLiz
    $200 2
Song of the South

Dianne
    $300 16
satellites

Liz
    $300 9
(Dianne: [*])
...
(Alex: [after the interview with Dianne before clue 16] Dianne, I do want to caution you about your phrasing. They told me during the commercial break that I missed it a little while ago that you forgot to phrase something in the form of a question.)

they all began to sing

Dianne
    $300 28
(Liz: What is Chevrolet?)

American Motors (or Rambler)

Liz
Triple Stumper
    $300 25
Christian Brothers

Dianne
    $300 18
Glenn Close

Dianne
    $300 3
Songs in the Key of Life

Triple Stumper
    $400 21
Procter & Gamble

Liz
    $400 10
Sleeping Beauty

Charlie
    $400 29
Sears

Triple Stumper
    $400 26
(Dianne: What is Marseille?)
...
(Alex: Less than a minute to go, Dianne)

Bordeaux

Dianne
Triple Stumper
    $400 19
Mary Decker Slaney

Liz
    $400 4
(Dianne: Who is Carly Simon?)

Barbra Streisand

DianneLiz
    $500 22
Bob Dole

Triple Stumper
    $500 11
(Dianne: Who is Cinderella?)

Pinocchio

DianneCharlie
    $500 30
Duesenberg

Triple Stumper
    $500 27
Retsina

Dianne
    $500 20
(Dianne: What is Singapore?)

Ceylon (Sri Lanka)

DianneCharlie
    $500 17
The Song of Norway

Liz

Scores at the first commercial break (after clue 15):

Dianne Charlie Liz
$400 $1,300 $200

Scores at the end of the Jeopardy! Round:

Dianne Charlie Liz
$600 $2,000 $1,600

Double Jeopardy! Round responses

FICTIONAL CHARACTERS
ANIMALS
WORLD HISTORY
WEATHER
HOLLYWOOD MARRIAGES
"GOD"LY THINGS
    $200 3
(Liz: Uh, who is Tom Sawyer?)

Huckleberry Finn

Liz
Triple Stumper
    $200 15
tongue

Dianne
    $200 19
cardinals

Liz
    $200 22
Alaska

Liz
    $200 1
Jeff Goldblum

Dianne
    $200 10
In God We Trust

Dianne
    $400 4
realtor

Triple Stumper
    $400 16
nit

Triple Stumper
    $400 20
(Dianne: What is Russia?)

Bolsheviks

DianneCharlie
    $400 25
fog

Charlie
    $400 2
Harry Hamlin

Liz
    $400 12
Godforsaken

Charlie
    $600 5
Long John Silver

Triple Stumper
    $600 17
yak

Liz
    $600 21
East India Company

Dianne
    $600 28
ice

Liz
    $600 8
Hotel

Dianne
    $600 13
The Gods Must Be Crazy

Liz
    $800 6
(Alex: Who is [*]? Or Richard Chamberlain if you saw the film.)

Allan Quatermain

Triple Stumper
    $3,200 26
(Charlie: [*], what is [*]?)
(Alex: [looking at judges])
(Charlie: What is [*]?)
(Alex: He beat it? All right, you remembered in time. We've got less than a minute to go.)

his fur

Charlie
    $1,000 23
Ethiopia

Liz
    $800 29
thunderheads

Charlie
    $800 9
Artie Shaw

Liz
    $800 14
the children of God

Dianne
    $1000 7
(Dianne: [*]. Who is [*]?)
(Alex: Right, and you remembered just in the nick of time.)

Dr. Watson

Dianne
    $1000 27
cetacean

Charlie
    $1000 24
Talleyrand

Triple Stumper
    $1000 30
acid rain

Charlie
    $1000 11
Dick Powell

Liz
    $1000 18
God's Little Acre

Liz

Scores at the end of the Double Jeopardy! Round:

Dianne Charlie Liz
$3,800 $9,200 $7,800

[wagering suggestions for these scores]

Final Jeopardy! Round responses

THE OLYMPICS
DianneWho is
$1,000
LizWho is Cassius Clay?
$3,900
CharlieWho was Rafer Johnson
$6,401
Rafer Johnson

Final scores:

Dianne Charlie Liz
$2,800 $15,601 $3,900
3rd place: Daniel Mink ladies & gentlemen watches + Jeopardy! box game or Jeopardy! Challenger New champion: $15,601 2nd place: trip on Delta to Boston & stay at Guest Quarters Suite Hotel + Jeopardy! box game or Jeopardy! Challenger

Game dynamics:

Coryat scores:

Dianne Charlie Liz
$3,800 $6,800 $7,600
17 R,
5 W
14 R
(including 1 DD),
0 W
17 R
(including 2 DDs),
4 W

Combined Coryat: $18,200

[game clues] [game scores] [suggest correction]

Game tape date: 1988-10-10
The J! Archive is created by fans, for fans. Scraping, republication, monetization, and malicious use prohibited; this site may use cookies and collect identifying information. See terms. The Jeopardy! game show and all elements thereof, including but not limited to copyright and trademark thereto, are the property of Jeopardy Productions, Inc. and are protected under law. This website is not affiliated with, sponsored by, or operated by Jeopardy Productions, Inc. Join the discussion at JBoard.tv.